[Event "It (open) \"]
[Site "masterchessopen.com - Moscow (Russia)"]
[Date "2008.05.02"]
[Round "3"]
[White "Cherny Oleg (RUS)"]
[Black "Shmatkov Mikhail (RUS)"]
[Result "1/2-1/2"]
[WhiteElo "2056"]
[BlackElo "2197"]

1.d4 Nf6 2.Nf3 c5 3.d5 e6 4.c4 exd5 5.cxd5 d6 6.Nc3 g6 7.e4 Bg7 8.Be2 a6 9.a4
Bg4 10.O-O O-O 11.h3 Bxf3 12.Bxf3 Nbd7 13.g3 Rb8 14.a5 Ne5 15.Bg2 c4 16.Qc2
Nfd7 17.Be3 Qc7 18.Rfd1 Nc5 19.Na4 Nb3 20.Ra3 Qxa5 21.Nc5 Qd8 22.Nxb3 cxb3
23.Qxb3 Nd7 24.Rc1 b6 25.Rc6 Nc5 26.Qc2 a5 27.Bxc5 bxc5 28.b3 Rb6 29.Qa2 Bc3
30.Qc2 Bb4 31.Ra1 Rxc6 32.dxc6 Qc7 33.e5 dxe5 34.Rd1 Rd8 35.Rxd8+ Qxd8 36.Qc4
Kf8 37.Qb5 c4 38.Qxc4 Bd6 39.Bd5 Qe7 40.Kg2 Kg7 41.Qc3 Bb4 42.Qf3 f5 43.Qd3 h6
44.Qb5 Qa7 45.Bc4 Bc5 46.Qb7+ Qxb7 47.cxb7 Ba7 48.Kf3 g5 49.Ke2 Kf6 50.f3 e4
51.fxe4 fxe4 52.Bb5 Ke5 {#d} 1/2-1/2

[Event "It (open)"]
[Site "masterchessopen.com - Augustow (Poland)"]
[Date "2008.05.12"]
[Round "4"]
[White "Marszalek Maciej (POL)"]
[Black "Cyborowski Lukasz (POL)"]
[Result "1/2-1/2"]
[WhiteElo "2383"]
[BlackElo "2504"]

1.d4 Nf6 2.c4 c5 3.d5 d6 4.Nc3 g6 5.e4 Bg7 6.Be2 O-O 7.Nf3 e6 8.O-O exd5
9.cxd5 a6 10.a4 Bg4 11.Nd2 Bxe2 12.Qxe2 Nbd7 13.Nc4 Nb6 14.Ne3 Re8 15.Qc2 Qe7
16.f3 Nbd7 17.Bd2 Nh5 18.Rae1 {#d} 1/2-1/2

[Event "Ch Croatia (juniors) (under 15)"]
[Site "masterchessopen.com - Sibenik (Croatia)"]
[Date "2008.06.25"]
[Round "5"]
[White "Vujec Ivan (CRO)"]
[Black "Srbis Jurica (CRO)"]
[Result "0-1"]
[WhiteElo "1975"]
[BlackElo "2152"]

1.d4 Nf6 2.c4 e6 3.Nf3 c5 4.d5 exd5 5.cxd5 d6 6.Nc3 g6 7.e4 Bg7 8.Be2 O-O
9.O-O a6 10.a4 Bg4 11.Nd2 Bxe2 12.Qxe2 Nbd7 13.Nc4 Nb6 14.Ne3 Re8 15.a5 Nc8
16.Nc4 b5 17.axb6 Nxb6 18.f3 Nfxd5 19.Nxd5 Nxd5 20.Qd3 Bd4+ 21.Kh1 Nb4 22.Qd1
d5 23.Nd2 Qd7 24.exd5 Qxd5 25.Ne4 f5 26.Nc3 Bxc3 27.bxc3 Nd3 28.Bh6 c4 29.Qd2
Re6 30.Rfe1 Rae8 31.Rxe6 Qxe6 32.h3 Qf6 33.Rb1 f4 34.g3 g5 35.Qa2 Rc8 36.Qa5
Qxh6 37.Qd5+ Kh8 38.Qd7 Qc6 39.Qd4+ Kg8 40.Rf1 Qe6 41.g4 Qc6 42.Kg2 h5 {#R}
0-1

[Event "Ch Poland (team) (juniors) (1 liga)"]
[Site "masterchessopen.com - Gorzow Wielkopolski (Poland)"]
[Date "2008.07.13"]
[Round "9"]
[White "Tomsia Kamil (POL)"]
[Black "Malec Robert (POL)"]
[Result "1/2-1/2"]
[WhiteElo "2070"]
[BlackElo "1815"]

1.d4 Nf6 2.c4 c5 3.d5 d6 4.Nc3 g6 5.e4 Bg7 6.Nf3 e6 7.Be2 exd5 8.cxd5 O-O
9.O-O a6 10.a4 Bg4 11.Bf4 Re8 12.Qc2 Bxf3 13.Bxf3 Qc7 14.Nb1 Nbd7 15.Nd2 Ne5
16.Bxe5 Rxe5 17.b4 Nd7 18.Nb3 b6 19.a5 b5 20.Qd2 c4 21.Nd4 Ree8 22.Rac1 Ne5
23.Be2 Nd7 24.Bf3 Ne5 25.Bd1 Qa7 26.Nc6 Nxc6 27.dxc6 Qc7 28.Bf3 Re5 29.Bg4
Qxc6 30.f4 Ree8 31.Bf3 Rad8 32.Kh1 Qd7 33.Qd5 Qa7 34.Qc6 Rc8 35.Qd5 Rcd8 36.g3
Qc7 37.Rfd1 Bb2 38.Rc2 Bg7 39.h4 Qd7 40.Kh2 Qc7 41.h5 Kf8 42.hxg6 hxg6 43.Kg2
Kg8 44.Rh1 c3 45.Rd1 Qc4 46.Qxc4 bxc4 47.Rb1 {#d} 1/2-1/2

[Event "It (open) \"]
[Site "masterchessopen.com - Senta (Serbia)"]
[Date "2008.07.19"]
[Round "3"]
[White "Damjanovic Dragan (SRB)"]
[Black "Dudukovic Nikola (SRB)"]
[Result "1/2-1/2"]
[WhiteElo "2229"]
[BlackElo "2234"]

1.d4 Nf6 2.c4 c5 3.d5 e6 4.Nc3 exd5 5.cxd5 d6 6.e4 g6 7.Nf3 a6 8.a4 Bg4 9.Be2
Bg7 10.O-O O-O 11.h3 Bxf3 12.Bxf3 Nbd7 13.Bf4 Qc7 14.a5 Rfe8 15.Re1 Rab8 16.g4
h6 17.Bg2 Ne5 18.Bxe5 Rxe5 19.Qe2 Nd7 20.Na4 Ree8 21.Rac1 b5 22.axb6 Nxb6
23.Nxb6 {#d} 1/2-1/2

[Event "Ch Austria"]
[Site "masterchessopen.com - Leoben (Austria)"]
[Date "2008.07.22"]
[Round "4"]
[White "Binder Michael (AUT)"]
[Black "Pachta Paul (AUT)"]
[Result "1/2-1/2"]
[WhiteElo "2181"]
[BlackElo "2279"]

1.d4 Nf6 2.c4 e6 3.Nc3 c5 4.d5 d6 5.e4 g6 6.Nf3 exd5 7.cxd5 a6 8.a4 Bg4 9.Be2
Bg7 10.O-O O-O 11.Bf4 Re8 12.Nd2 Nh5 {#d} 1/2-1/2

[Event "It (open) (a)"]
[Site "masterchessopen.com - Sukhumi (Georgia)"]
[Date "2008.08.03"]
[Round "1"]
[White "Strelnikov Sergey (UKR)"]
[Black "Barsamian Eduard (RUS)"]
[Result "1-0"]
[WhiteElo "2334"]
[BlackElo "2137"]

1.d4 Nf6 2.Nf3 g6 3.c4 c5 4.Nc3 Bg7 5.d5 d6 6.e4 O-O 7.Be2 e6 8.O-O exd5
9.cxd5 a6 10.a4 Bg4 11.Nd2 Bxe2 12.Qxe2 Nbd7 13.Nc4 Nb6 14.Ne3 Ne8 15.Qc2 Rc8
16.a5 Nd7 17.Kh1 Qe7 18.Ra3 Rc7 19.Bd2 Bd4 20.Ne2 Nef6 21.Nxd4 cxd4 22.Qxc7
dxe3 23.Rxe3 Ng4 24.Ree1 Qh4 25.Bf4 Nde5 26.Bg3 Qh5 27.f3 {#r} 1-0

[Event "Ch Argentina (team)"]
[Site "masterchessopen.com - Villa Martelli (Argentina)"]
[Date "2008.08.09"]
[Round "1"]
[White "Lopez Diego (ARG)"]
[Black "Iermito Sebastian (ARG)"]
[Result "0-1"]
[WhiteElo "2154"]
[BlackElo "2431"]

1.d4 Nf6 2.c4 c5 3.d5 e6 4.Nc3 exd5 5.cxd5 d6 6.Nf3 g6 7.e4 Bg7 8.Be2 O-O
9.O-O a6 10.a4 Bg4 11.Bf4 Bxf3 12.Bxf3 Qe7 13.Re1 Nbd7 14.a5 Rab8 15.Be2 Ne8
16.Qd2 Nc7 17.Bh6 b5 18.axb6 Bxh6 19.Qxh6 Rxb6 20.Bf1 Qf6 21.Qd2 Rfb8 22.Ra2
Rb4 23.e5 Nxe5 24.Ne4 Qd8 25.Nxc5 Nf3+ 26.gxf3 dxc5 27.Re4 Ne6 28.Ra4 Nd4
29.Rxd4 Rxd4 30.Rxd4 cxd4 31.Qxd4 Qg5+ 32.Kh1 Qc1 33.Kg2 Qxb2 34.Qxb2 Rxb2
35.Bxa6 Rb4 36.Kg3 Kf8 37.f4 Ke7 38.Be2 Kf8 39.h3 h5 40.h4 Rd4 {#R} 0-1

[Event "It (open)"]
[Site "masterchessopen.com - Nikea (Greece)"]
[Date "2008.08.28"]
[Round "4"]
[White "Trivizas Mihail (GRE)"]
[Black "Filippas Sebastian (GRE)"]
[Result "1/2-1/2"]
[WhiteElo "2055"]
[BlackElo "2221"]

1.d4 Nf6 2.c4 e6 3.Nc3 c5 4.d5 exd5 5.cxd5 d6 6.e4 g6 7.Nf3 Bg7 8.Be2 O-O
9.O-O a6 10.a4 Bg4 11.Bf4 Bxf3 12.Bxf3 Qe7 13.Qb3 Qc7 14.Rfc1 Nbd7 15.Qd1 Ne8
16.Rab1 Be5 17.Be3 b6 18.Be2 Nef6 19.f3 Rfe8 20.Qd2 Ra7 21.g4 Qd8 22.Kg2 Qe7
23.Bg5 Bd4 24.Rf1 Nf8 25.Bd3 c4 26.Bc2 Be5 27.Rbe1 Qd7 28.h3 h5 29.f4 Bxc3
30.Qxc3 N6h7 31.gxh5 Nxg5 32.fxg5 Re5 33.Qg3 Qd8 34.h4 gxh5 35.Rf5 Rae7
36.Ref1 Ng6 37.Qf2 Qe8 38.Kg3 b5 39.Qb6 Rxe4 40.Bxe4 Rxe4 41.Qxd6 Rg4+ 42.Kh2
Rxh4+ 43.Kg1 Rg4+ 44.Kh2 Qe2+ 45.R1f2 Rh4+ 46.Kg2 Qe4+ 47.R2f3 Rg4+ 48.Kh3
Rh4+ 49.Kg2 {#d} 1/2-1/2

[Event "Ch Poland (team) (1 liga)"]
[Site "masterchessopen.com - Ustron (Poland)"]
[Date "2008.09.09"]
[Round "4"]
[White "Pieniazek Artur (POL)"]
[Black "Mickiewicz Piotr (POL)"]
[Result "1-0"]
[WhiteElo "2381"]
[BlackElo "2262"]

1.d4 Nf6 2.c4 c5 3.d5 e6 4.Nc3 exd5 5.cxd5 d6 6.e4 g6 7.Nf3 Bg7 8.Be2 O-O
9.O-O a6 10.a4 Bg4 11.Bf4 Qe7 12.Nd2 Bxe2 13.Qxe2 Nh5 14.Be3 Nd7 15.a5 Bd4
16.Ra4 Bxe3 17.Qxe3 b5 18.axb6 Rfb8 19.f4 Nhf6 20.Qe2 Rxb6 21.b3 Ne8 22.Re1 f6
23.Ra3 Nc7 24.Nc4 Rb4 25.e5 fxe5 26.fxe5 Nxe5 27.Nxe5 dxe5 28.Qxe5 Qh4 29.d6
Re8 30.dxc7 Qxe1+ 31.Qxe1 Rxe1+ 32.Kf2 Re8 33.Nd5 Kf7 34.Nxb4 cxb4 35.Rxa6 Rc8
36.Rc6 Ke7 37.Ke3 Kd7 38.Rc4 Re8+ 39.Kd3 Kc8 40.g3 Re1 41.Rxb4 Rh1 42.Rh4 h5
43.Ke3 Rd1 44.Rc4 g5 45.h4 g4 46.Kf4 Rd3 47.b4 Rd5 48.Rc5 Rd4+ 49.Kg5 Rd3
50.Kxh5 Rxg3 51.Rc4 Rg1 52.Rxg4 Rc1 53.Rg7 Rc4 54.b5 Rb4 55.Rg5 Kxc7 56.Rd5
Re4 57.Kg5 Re1 58.h5 Rf1 59.Kg6 Rg1+ 60.Rg5 Rd1 61.h6 Rd6+ 62.Kh5 Rd1 63.h7
Rh1+ 64.Kg6 {#r} 1-0

[Event "It (open)"]
[Site "masterchessopen.com - Zvenigorod (Russia)"]
[Date "2008.09.25"]
[Round "1"]
[White "Tunik Gennady (RUS)"]
[Black "Onoprienko Vladimir (RUS)"]
[Result "1-0"]
[WhiteElo "2503"]
[BlackElo "2334"]

1.d4 c5 2.d5 Nf6 3.c4 g6 4.Nc3 Bg7 5.e4 d6 6.Nf3 O-O 7.Be2 e6 8.O-O exd5
9.cxd5 a6 10.a4 Bg4 11.h3 Bxf3 12.Bxf3 Nbd7 13.Bf4 Qe7 14.Re1 Rfd8 15.a5 Rac8
16.Na4 c4 17.Rc1 Nh5 18.Bxh5 gxh5 19.Qxh5 Nc5 20.Nxc5 Rxc5 21.Be3 Rcc8 22.Bh6
Qf6 23.Bxg7 Kxg7 24.Rc3 Kh8 25.Rf3 Qg6 26.Qxg6 fxg6 27.Rf7 Rc5 28.Re3 Rxa5
29.Rxb7 {#r} 1-0

[Event "Regionalliga Bayern North-West 2008/09"]
[Site "masterchessopen.com - Bayern (Germany)"]
[Date "2008.10.05"]
[Round "1"]
[White "Stauch Frank"]
[Black "Thomele Michael"]
[Result "0-1"]
[WhiteElo "2006"]
[BlackElo "1890"]

1.d4 Nf6 2.Nf3 e6 3.c4 c5 4.d5 exd5 5.cxd5 d6 6.Nc3 g6 7.e4 Bg7 8.Be2 O-O
9.O-O a6 10.a4 Bg4 11.h3 Bxf3 12.Bxf3 Nbd7 13.g3 Rb8 14.a5 b5 15.axb6 Rxb6
16.Qe2 Qc8 17.Bg2 Re8 18.Ra5 Nb8 19.Be3 Rb4 20.Qc2 Nfd7 21.Rfa1 Ne5 22.b3 c4
23.bxc4 Nxc4 {#R} 0-1

[Event "World Mindsports Games (Blitz Team)"]
[Site "masterchessopen.com - Beijing (China)"]
[Date "2008.10.13"]
[Round "9"]
[White "Ahmed Haseeb (PAK)"]
[Black "Danielsen Henrik (ISL)"]
[Result "1-0"]
[WhiteElo "2253"]
[BlackElo "2492"]

1.e4 g6 2.d4 Bg7 3.c4 d6 4.Nc3 Nf6 5.Nf3 O-O 6.Be2 c5 7.d5 e6 8.O-O exd5
9.cxd5 a6 10.a4 Bg4 11.h3 Bxf3 12.Bxf3 Nbd7 13.Be3 Re8 14.Qd2 Rc8 15.Bh6 Bxh6
16.Qxh6 Qb6 17.Qd2 Qb4 18.Rfe1 Qd4 19.Qc2 c4 20.Red1 Qc5 21.a5 Ne5 22.Be2 Nfd7
23.Qd2 Qa7 24.Na4 Nc5 25.Nxc5 Rxc5 26.Qd4 Qb8 27.Rdc1 Rec8 28.Rc3 Qc7 29.f4
{#r} 1-0

[Event "World Mindsports Games (Active Team w)"]
[Site "masterchessopen.com - Beijing (China)"]
[Date "2008.10.16"]
[Round "8"]
[White "Jiretorn Eva (SWE)"]
[Black "Exler Veronika (AUT)"]
[Result "1/2-1/2"]
[WhiteElo "2150"]
[BlackElo "2024"]

1.d4 Nf6 2.c4 c5 3.d5 e6 4.Nc3 exd5 5.cxd5 d6 6.e4 g6 7.Nf3 Bg7 8.Be2 O-O
9.O-O a6 10.a4 Bg4 11.h3 Bxf3 12.Bxf3 Nbd7 13.Qc2 Re8 14.Bg5 Qc7 15.Rfe1 Rab8
16.a5 b5 17.axb6 Qxb6 18.Ra2 h6 19.Bf4 g5 20.Be3 Ra8 21.Be2 Reb8 22.Rea1 Qb3
23.Qxb3 Rxb3 24.Bc1 Ne8 25.Nd1 Rb4 26.f3 Bd4+ 27.Kh1 Nc7 28.Bxa6 Nxa6 29.Rxa6
Rxa6 30.Rxa6 Nb6 31.Bd2 Rb3 32.Bc3 Bxc3 33.bxc3 Rb1 34.Kh2 Nc4 35.Nf2 Rb2
36.Ng4 Kg7 37.Ra4 Nb6 38.Ra1 Nc4 39.Ra4 Nb6 40.Ra1 Nc4 41.Re1 Rc2 42.Ne3 Rxc3
43.Nf5+ Kh7 44.Ra1 Ra3 45.Rc1 Ra4 46.Kg1 Kg6 47.Rb1 h5 48.Rb7 Ra6 49.Rd7 Rb6
50.Rd8 Ra6 51.Rg8+ Kf6 52.Rh8 h4 53.Re8 Ra7 54.Rc8 Ke5 55.Rb8 Kf6 56.Rd8 Ke5
57.Rb8 Kf6 {#d} 1/2-1/2

[Event "Ch France (team) (nat.2) 2008/09"]
[Site "masterchessopen.com - France"]
[Date "2008.10.19"]
[Round "1"]
[White "Bertrand Frederic (FRA)"]
[Black "Garrido Denis (FRA)"]
[Result "1-0"]
[WhiteElo "2296"]
[BlackElo "2328"]

1.d4 Nf6 2.c4 c5 3.d5 d6 4.Nc3 g6 5.e4 Bg7 6.Be2 e6 7.Nf3 exd5 8.cxd5 O-O
9.O-O a6 10.a4 Bg4 11.Nd2 Bxe2 12.Qxe2 Re8 13.Nc4 Bf8 14.Bf4 Nbd7 15.Bxd6 b5
16.Bxf8 bxc4 17.Bh6 Nxe4 18.Nxe4 Qh4 19.f3 Qxh6 20.Qxc4 Qe3+ 21.Rf2 Rab8
22.Qc3 Qd4 23.Qxd4 cxd4 24.Rd1 Rb4 25.Rfd2 f5 26.Nd6 Re5 27.Rxd4 Rxb2 28.Nc4
{#r} 1-0

[Event "Ch PriFO (juniors) (under 18)"]
[Site "masterchessopen.com - Penza (Russia)"]
[Date "2008.11.03"]
[Round "1"]
[White "Ishbuldin Marsel (RUS)"]
[Black "Kamov Igor (RUS)"]
[Result "0-1"]
[WhiteElo "2047"]
[BlackElo "2260"]

1.d4 e6 2.c4 Nf6 3.Nf3 c5 4.d5 exd5 5.cxd5 d6 6.Nc3 g6 7.e4 Bg7 8.Be2 O-O
9.O-O a6 10.a4 Bg4 11.Nd2 Bxe2 12.Qxe2 Nbd7 13.a5 Re8 14.Nc4 Ne5 15.Nb6 Rb8
16.Bd2 Qc7 17.Rac1 Ned7 18.Nc4 b5 19.axb6 Nxb6 20.Nxb6 Qxb6 21.Qd3 c4 22.Qxc4
Qxb2 23.Rfd1 Rbc8 24.Qxa6 Ng4 25.Na4 Qxd2 {#R} 0-1

[Event "It (open)"]
[Site "masterchessopen.com - Litomysl (Czech Republic)"]
[Date "2008.12.28"]
[Round "3"]
[White "Bronowicki Mateusz (POL)"]
[Black "Sergeev Vladimir (UKR)"]
[Result "1-0"]
[WhiteElo "2366"]
[BlackElo "2519"]

1.d4 Nf6 2.c4 g6 3.Nc3 Bg7 4.e4 O-O 5.Nf3 d6 6.Be2 c5 7.d5 a6 8.a4 e6 9.O-O
exd5 10.cxd5 Bg4 11.Nd2 Bxe2 12.Qxe2 Nbd7 13.a5 Re8 14.Nc4 Ne5 15.Nb6 Rb8
16.f4 Neg4 17.Qf3 Qe7 18.Re1 h5 19.h3 Nh6 20.Bd2 Nd7 21.Nc4 b5 22.axb6 Nxb6
23.Na5 Qh4 24.Be3 f5 25.Bf2 Qf6 26.e5 Qf8 27.Nc6 Ra8 28.Qd3 Nd7 29.Rxa6 Rxa6
30.Qxa6 dxe5 31.fxe5 Bxe5 32.Qb7 Bxc3 33.bxc3 Rxe1+ 34.Bxe1 Qe8 35.Bh4 Nf7
36.Be7 Kg7 37.c4 Kh6 38.Qb2 Nfe5 39.Nxe5 Qxe7 40.Nxd7 Qxd7 41.Qe5 Qa4 42.d6 h4
43.Qd5 Qa1+ 44.Kf2 Qb2+ 45.Kf1 f4 46.d7 Qc1+ 47.Ke2 Qe3+ 48.Kd1 Qb3+ 49.Kd2
Qa2+ 50.Ke1 Qa5+ 51.Qd2 Qd8 52.Qxf4+ Kg7 53.Qe5+ Kf7 54.Qd5+ Kf6 55.Kf2 Kg7
56.Qe5+ Kf7 57.Qd5+ Kg7 58.Qd6 Kh6 59.Kf3 Qa8+ 60.Qd5 Qd8 61.Qd6 Qa8+ 62.Qd5
Qd8 63.Ke3 Kh7 64.Kf4 Qc7+ 65.Ke4 Qd8 66.Qd6 Qa8+ 67.Ke5 Qd8 68.Kd5 Qa8+
69.Qc6 Qg8+ 70.Kxc5 Qf8+ 71.Qd6 Qd8 72.Kb5 Qg5+ 73.Kb6 {#r} 1-0

[Event "It \"]
[Site "masterchessopen.com - Sydney (Australia)"]
[Date "2009.01.04"]
[Round "5"]
[White "Bleicher Horst (AUS)"]
[Black "Mortensen Henrik (DEN)"]
[Result "1/2-1/2"]
[WhiteElo "1822"]
[BlackElo "2013"]

1.d4 Nf6 2.c4 c5 3.d5 d6 4.Nc3 g6 5.e4 Bg7 6.Nf3 O-O 7.Be2 e6 8.O-O exd5
9.cxd5 a6 10.a4 Bg4 11.Nd2 Bxe2 12.Qxe2 Nbd7 13.a5 Re8 14.Nc4 Ne5 15.Nb6 Rb8
16.Bg5 Qc7 17.Rae1 Ned7 18.Nc4 Ne5 19.Nb6 Ned7 {#d} 1/2-1/2

[Event "Ch Georgia"]
[Site "masterchessopen.com - Tbilisi (Georgia)"]
[Date "2009.01.30"]
[Round "13"]
[White "Arutinian David (GEO)"]
[Black "Pantsulaia Levan (GEO)"]
[Result "0-1"]
[WhiteElo "2526"]
[BlackElo "2583"]

1.d4 Nf6 2.c4 e6 3.Nf3 c5 4.d5 exd5 5.cxd5 d6 6.Nc3 g6 7.e4 a6 8.a4 Bg4 9.Be2
Bg7 10.O-O O-O 11.Re1 Re8 12.h3 Bxf3 13.Bxf3 Nbd7 14.Bf4 Qe7 15.Qc2 Rab8 16.a5
b5 17.axb6 Rxb6 18.Ra4 Reb8 19.Bc1 Ne8 20.Be2 Nc7 21.Bf1 Bd4 22.Rd1 Qf6 23.Rd3
Ne5 24.Rg3 h6 25.Ra2 g5 26.Na4 Rb4 27.b3 Nb5 28.Nb2 Nc7 29.Ra4 Rxa4 30.Nxa4
Nb5 31.Nb2 Re8 32.Nd1 Ng6 33.Bd3 Qe5 34.Ne3 Bxe3 35.Rxe3 Nd4 36.Qc4 Nf4 37.Bf1
Rb8 38.Qa4 Nxb3 39.Qa3 Nxc1 40.Qxc1 Qd4 41.Re1 Ng6 42.Qe3 Qf6 43.g3 Ne5 44.Kg2
Kg7 45.Re2 Rb4 46.Re1 Rd4 47.Rb1 Qg6 48.Re1 f5 49.f3 f4 50.Qf2 fxg3 51.Qxg3
Qf6 52.Qf2 Qf4 53.Re3 c4 54.Be2 Rd2 55.Kf1 Nd3 56.Qg1 Ra2 57.Kg2 Ne1+ 58.Kf1
Nc2 {#R} 0-1

[Event "It (open)"]
[Site "masterchessopen.com - Rochefort (France)"]
[Round "5"]
[White "Lecoultre Patrick (FRA)"]
[Black "Grego Pierre (FRA)"]
[Result "1-0"]
[WhiteElo "1786"]
[BlackElo "1870"]

1.d4 Nf6 2.Nf3 d6 3.c4 c5 4.d5 e6 5.Nc3 exd5 6.cxd5 g6 7.e4 Bg7 8.Be2 O-O
9.O-O a6 10.a4 Bg4 11.Nd2 Bxe2 12.Qxe2 Re8 13.Nc4 Nxe4 14.Nxe4 f5 15.Bg5 Qxg5
16.Nxg5 Rxe2 17.Rfe1 Rxe1+ 18.Rxe1 Nd7 19.Nxd6 Bf6 20.Ne6 b6 21.Nc7 Rd8 22.Ne6
Rb8 23.Nc7 Be5 24.Nce8 Kf8 25.f4 Bxb2 26.Nc7 Bf6 27.h3 c4 28.Ne6+ Kg8 29.Nxc4
b5 30.axb5 axb5 31.Ne5 Bxe5 32.fxe5 b4 33.Nf4 b3 34.e6 Nf6 35.d6 Kf8 36.Nd3
Ne4 37.d7 Ke7 38.Rc1 Nd6 39.Ne5 Rb6 40.Nc6+ Rxc6 41.Rxc6 b2 42.Rb6 Nc4 43.Rb8
b1=Q+ 44.Rxb1 Ne5 45.Rb8 Nc6 {#r} 1-0

[Event "Ch Region (open)"]
[Site "masterchessopen.com - Cheliabinsk (Russia)"]
[Date "2009.02.28"]
[Round "1"]
[White "Popov Sergei (RUS)"]
[Black "Bakin Alexander (RUS)"]
[Result "0-1"]
[WhiteElo "1954"]
[BlackElo "2248"]

1.d4 Nf6 2.c4 e6 3.Nc3 c5 4.d5 exd5 5.cxd5 d6 6.e4 g6 7.Nf3 Bg7 8.Be2 O-O
9.O-O a6 10.a4 Bg4 11.h3 Bxf3 12.Bxf3 Nbd7 13.Bf4 Qc7 14.Re1 Rfe8 15.Qc2 Rab8
16.Re2 Ne5 17.Bxe5 Rxe5 18.Bg4 h5 19.f4 Ree8 20.Bf3 Nd7 21.g4 hxg4 22.hxg4 c4
23.Rh2 Nc5 24.Qg2 Nd3 25.f5 Qc5+ 26.Kf1 Qe3 27.Qh3 g5 28.f6 Bxf6 29.Qh7+ Kf8
30.Qf5 Be5 31.Re2 Qf4 32.Qxf4 Nxf4 33.Rd2 Nd3 34.Rb1 b5 35.axb5 axb5 36.Nd1
Rec8 37.Nf2 Nc5 38.Bd1 Ke7 39.Ra1 Ra8 40.Rxa8 Rxa8 41.Bf3 Ra2 {#R} 0-1

[Event "Ch Romania (juniors) (under 16)"]
[Site "masterchessopen.com - Voineasa (Romania)"]
[Date "2009.04.08"]
[Round "1"]
[White "Hajbok Robert (ROM)"]
[Black "Martian Dragos-Daniel"]
[Result "1-0"]
[WhiteElo "2232"]
[BlackElo "1835"]

1.d4 Nf6 2.c4 c5 3.d5 e6 4.Nc3 exd5 5.cxd5 d6 6.e4 a6 7.a4 g6 8.Nf3 Bg4 9.Be2
Bg7 10.O-O O-O 11.h3 Bxf3 12.Bxf3 Re8 13.Bf4 Qc7 14.g4 Nfd7 15.Rc1 c4 16.b4 b5
17.axb5 Bxc3 18.b6 Nxb6 19.Rxc3 N8d7 20.Be3 a5 21.bxa5 Rxa5 22.Qd4 Rb5 23.Be2
Qc5 24.Qd2 Qb4 25.Qc2 Rc8 26.Rc1 Re8 27.Bxc4 Nxc4 28.Rxc4 Qb3 29.Rc8 Rf8
30.Qc6 Rxc8 31.Qxc8+ Nf8 32.Qd8 Rc5 33.Rxc5 dxc5 34.Bxc5 Qb1+ 35.Kh2 h5
36.Qxf8+ {#r} 1-0

[Event "It \"]
[Site "masterchessopen.com - Copenhagen (Denmark)"]
[Date "2009.04.22"]
[Round "7"]
[White "Sachdev Tania (IND)"]
[Black "Bejtovic Jasmin (BIH)"]
[Result "1/2-1/2"]
[WhiteElo "2243"]
[BlackElo "2307"]

1.d4 Nf6 2.c4 g6 3.Nc3 Bg7 4.e4 d6 5.Be2 O-O 6.Nf3 c5 7.d5 e6 8.O-O exd5
9.cxd5 a6 10.a4 Bg4 11.Nd2 Bxe2 12.Qxe2 Nbd7 13.Nc4 Ne8 14.f4 b5 15.axb5 axb5
16.Rxa8 Qxa8 17.Nxb5 Qa6 18.Nba3 Nc7 19.Rd1 Re8 20.Qc2 Bd4+ 21.Be3 Bxe3+
22.Nxe3 f5 23.e5 dxe5 24.d6 Ne6 25.fxe5 Nxe5 26.Nd5 Nd4 27.Ne7+ Kg7 28.Qxc5
Ne2+ 29.Kh1 Ng4 30.d7 Rd8 31.Nc6 Qxc6 32.Qe7+ Kh6 33.Qh4+ Kg7 34.Qe7+ Kh6
35.Qh4+ {#d} 1/2-1/2

[Event "Ch Croatia (team) (2nd league)"]
[Site "masterchessopen.com - Osijek (Croatia)"]
[Date "2009.05.02"]
[Round "4"]
[White "Mesko Andrej (CRO)"]
[Black "Cabrajac Zdravko (CRO)"]
[Result "0-1"]
[WhiteElo "2026"]
[BlackElo "2099"]

1.d4 Nf6 2.c4 c5 3.d5 e6 4.Nc3 exd5 5.cxd5 d6 6.e4 g6 7.Nf3 a6 8.a4 Bg4 9.Be2
Bg7 10.O-O O-O 11.h3 Bxf3 12.Bxf3 Nbd7 13.Bf4 Ne8 14.Qd2 Ne5 15.Be2 Nc7
16.Rab1 b6 17.Bh6 Rb8 18.Bxg7 Kxg7 19.f4 Nd7 20.f5 b5 21.Qf4 Qe7 22.axb5 axb5
23.Ra1 Rb7 24.Ra5 Rfb8 25.Bf3 g5 26.Qd2 f6 27.Rfa1 Qe5 28.Nd1 c4 29.Qb4 Nc5
30.Nc3 Nd3 {#R} 0-1

[Event "Memorial J.Capablanca (open)"]
[Site "masterchessopen.com - Habana (Cuba)"]
[Date "2009.06.10"]
[Round "3"]
[White "Arencibia Walter (CUB)"]
[Black "Hevia Alejano Carlos A (CUB)"]
[Result "0-1"]
[WhiteElo "2516"]
[BlackElo "2332"]

1.d4 Nf6 2.c4 e6 3.Nf3 c5 4.d5 exd5 5.cxd5 d6 6.Nc3 g6 7.e4 a6 8.a4 Bg4 9.Be2
Bg7 10.O-O O-O 11.Bf4 Bxf3 12.Bxf3 Ne8 13.Bg4 Nd7 14.Bxd7 Qxd7 15.Re1 Nc7
16.a5 Rae8 17.Na4 f5 18.Nb6 Qd8 19.e5 Nb5 20.e6 Bxb2 21.Nd7 g5 22.Bd2 Bxa1
23.Qxa1 Qe7 24.h4 f4 25.Qd1 h6 26.Bc1 Rf5 27.Bb2 gxh4 28.Qg4+ Qg5 29.Nf6+ Rxf6
30.Qxg5+ hxg5 31.Bxf6 Nc7 32.Bxg5 Nxd5 33.Rd1 Nc7 34.Bxf4 Nxe6 35.Bxd6 Rd8
36.Kf1 Kf7 37.Ke1 Kf6 38.Bh2 Rg8 39.Kf1 Rg4 40.Re1 Ra4 41.Be5+ Kf5 42.Bc3 Nd4
43.Re7 Ra3 44.Bxd4 cxd4 45.Rxb7 Ke4 46.Rh7 Kd3 47.f4 Ke4 48.Re7+ Kxf4 49.Rh7
Ke3 50.Re7+ Kd2 51.Re4 d3 52.Rxh4 Kc2 53.Rg4 Rc3 54.Rd4 Rc5 {#R} 0-1

[Event "Zt (w)"]
[Site "masterchessopen.com - Asuncion (Paraguay)"]
[Date "2009.06.18"]
[Round "11"]
[White "Vargas Gabriela (PAR)"]
[Black "Plazaola Maria De Los Angeles (ARG)"]
[Result "0-1"]
[WhiteElo "2092"]
[BlackElo "2160"]

1.d4 Nf6 2.c4 c5 3.d5 g6 4.Nc3 Bg7 5.e4 d6 6.Be2 O-O 7.Nf3 e6 8.O-O exd5
9.cxd5 a6 10.a4 Bg4 11.Nd2 Bxe2 12.Qxe2 Qe7 13.Nc4 Nbd7 14.Bf4 Ne8 15.Bg3 b6
16.f4 Rb8 17.e5 b5 18.axb5 axb5 19.Nxd6 Nxd6 20.exd6 Qxe2 21.Nxe2 Bxb2 22.Ra7
Rfd8 23.f5 Be5 24.fxg6 hxg6 25.Rxd7 Rxd7 26.Bxe5 Re8 27.Nc3 Rxe5 28.Nxb5 Rxd5
29.Rc1 Rb7 30.Nc7 Rxd6 31.Rxc5 Rd1+ 32.Kf2 Rd2+ 33.Kf3 Rb3+ 34.Kf4 Rxg2 35.Ne8
{#R} 0-1

[Event "Ch Belgium (open)"]
[Site "masterchessopen.com - Namur (Belgium)"]
[Date "2009.07.09"]
[Round "6"]
[White "De Bock Lennart (BEL)"]
[Black "Piacentini Claudio (BEL)"]
[Result "1/2-1/2"]
[WhiteElo "2049"]
[BlackElo "2119"]

1.d4 Nf6 2.c4 c5 3.d5 e6 4.Nf3 exd5 5.cxd5 d6 6.Nc3 g6 7.e4 Bg7 8.Be2 O-O
9.O-O a6 10.a4 Bg4 11.Nd2 Bxe2 12.Qxe2 Nbd7 13.Nc4 Nb6 14.f4 Nxc4 15.Qxc4 Re8
16.h3 b5 17.axb5 axb5 18.Rxa8 Qxa8 19.Qxb5 Nxe4 20.Re1 Bd4+ 21.Kh2 Rb8 22.Qd3
Nf6 23.Ne2 Qa5 24.Bd2 Qb5 25.Qxb5 Rxb5 26.b4 Nxd5 27.Nxd4 cxd4 28.Re4 Ne3
29.Bxe3 dxe3 30.Kg3 Kg7 31.Kf3 Kf6 32.g4 e2 33.Kxe2 h5 34.Kf3 hxg4+ 35.hxg4 g5
{#d} 1/2-1/2

[Event "Cup Hokim (open)"]
[Site "masterchessopen.com - Tashkent (Uzbekistan)"]
[Date "2009.07.25"]
[Round "9"]
[White "Nazhmeddinov Sirodjiddin (UZB)"]
[Black "Lebedev Boris (UZB)"]
[Result "0-1"]
[WhiteElo "2129"]
[BlackElo "2113"]

1.d4 Nf6 2.c4 c5 3.d5 d6 4.Nc3 g6 5.e4 Bg7 6.Nf3 O-O 7.Be2 e6 8.O-O exd5
9.cxd5 a6 10.a4 Bg4 11.h3 Bxf3 12.Bxf3 Nbd7 13.Bg5 Qc7 14.Qd2 {#R} 0-1